000 00710nam a2200241Ia 4500
003 OSt
005 20220923221622.0
006 a|||||r|||| 00| 0
007 ta
008 220922b |||||||| |||| 00| 0 hin d
024 _a198,696
037 _cTextual
040 _aARTS
_cARTS
_bhin
041 _2hin
_ahin
082 _aP152,3, J5
100 _aवर्मा, राम चन्द्र
245 0 _aशब्द साधना
246 _aShabda sādhanā
260 _aबनारस
_b साहित्य रत्न
_c1955
300 _a376पृ.
_ccm.
942 _hP152,3, J5
_cTEXL
_2CC
999 _c350505
_d350505